laufey: guess the song - #1 - Statistics

General Stats
  • This quiz has been taken 58 times
  • The average score is 70 of 203
Answer Stats
Answer % Correct
I
94%
I?
94%
you?
90%
you
90%
you"
90%
a
88%
the
83%
me
73%
"Do
69%
And
65%
and
65%
to
65%
be
60%
He
60%
he
60%
are
54%
we
54%
when
54%
in
50%
my
50%
My
50%
"Who
50%
is
48%
how
46%
How
46%
Then
46%
like
42%
That
40%
go
38%
it
38%
It
38%
so
38%
can
37%
Oh,
37%
Oh
37%
of
35%
But
33%
have
33%
night
33%
too
31%
day
29%
just
29%
say
29%
James"
27%
James
27%
One
27%
one
27%
said,
27%
said
27%
at
25%
At
25%
(Dream, dream, dream, dream, dream)
25%
him
25%
talk
25%
was
25%
about
23%
fool
23%
all
21%
had
21%
or
21%
They're
21%
His
19%
his
19%
late
19%
maybe
19%
really
19%
would
19%
back
17%
dreaming,
17%
dreaming
17%
Dreaming,
17%
fell
17%
he's
17%
museums?
17%
never
17%
out
17%
Perfect
17%
thought
17%
together,
17%
two,
17%
days
15%
himself
15%
millionaire
15%
name
15%
wasted
15%
ahead
13%
alright
13%
drink
13%
felt
13%
flames
13%
hair,
13%
hall
13%
head
13%
he'd
13%
I'd
13%
into
13%
looked
13%
(Mhm)
13%
Mhm
13%
(Mm-mhm)
13%
Mmm-mm
13%
months
13%
open
13%
overall
13%
spent
13%
that's
13%
tonight
13%
Turns
13%
caught
12%
chair
12%
end
12%
eyes
12%
glasses
12%
mysterious
12%
serious
12%
stare
12%
tumbled
12%
became
10%
'cross
10%
dark
10%
gazing
10%
nearly
10%
rolled
10%
shot
10%
sickening
10%
sitting
10%
smile,
10%
sneaking
10%
Tuesday
10%
voice
10%
learn
8%
listening
8%
seemed
8%
point,
6%
stopped
6%
No matching quizzes found
Score Distribution
Percent of People with Each Score
Percentile by Number Answered
Your Score History
You have not taken this quiz